000 00792nam a22001937a 4500
008 170204s2016 cr||||| |||| 00| 0 spa d
082 0 4 _a709.040.62
_bQ85d
100 1 _aQuirós, Luis Fernando.
_91725
245 1 0 _aDadaísmo :
_b(1916-2016) /
_cLuis Fernando Quirós.
250 _a1a ed.
260 _aSan José, Costa Rica :
_bEdiciones 1390,
_c2016.
300 _a38 p.
500 _aEsta publicación se terminó de imprimir en el mes de abril de 2016, como parte del programa Alter Academia de Fundación Teor/ética. Como primera edición cuenta con 30 ejemplares, producidos bajo la supervisión de Adrián Flores Sancho.
653 1 0 _aArte - Literatura
653 1 0 _aDadaísmo
653 1 0 _aHistoria del arte
653 1 0 _aArte contemporáneo
653 1 0 _aMovimientos artísticos
999 _c1133
_d1133